Statistics for Guess the Pan-Arab flags

Click here to take the quiz!

General Stats

  • This quiz has been taken 32 times
  • The average score is 9 of 12

Answer Stats

Answer% Correct
United Arab Emirates
93%
Kuwait
89%
Egypt
85%
Jordan
85%
Iraq
81%
Libya
81%
Palestine
81%
Yemen
81%
Sudan
78%
Syria
78%
Western Sahara
56%
Republic of Somaliland
7%

Score Distribution

Percentile by Number Answered

Percent of People with Each Score

Your Score History

You have not taken this quiz